The HARDEST Geography Quiz - Statistics

General Stats
  • This quiz has been taken 34 times
  • The average score is 5 of 20
Answer Stats
Question Answer % Correct
What is the capital city of São Tomé and Príncipe? São Tomé
97%
What is the northernmost Canadian province/territory that borders Alaska? Yukon
71%
What is the closest French overseas territory to Newfoundland? Saint Pierre and Miquelon
55%
What is the name of the extremely remote Norwegian-owned island in the Southern Hemisphere? Bouvet Island
42%
Which country owns Ashmore Reef? Australia
39%
Which Russian oblast owns Severny Island? Arkhangel'sk
29%
What is the southermost Floridian national park? (Hint: It's not the Everglades) Dry Tortugas
29%
What is the third largest island in the English Channel? Alderney
23%
What is the deepest manmade hole on Earth? Kola Superdeep Borehole
19%
Which Hawaiian island is strictly forbidden to enter? Niihau
19%
What is the capital and largest city of the Shetland Islands? Lerwick
16%
What is the name of the American-owned island located in between Haiti and Jamaica? Navassa Island
13%
What is the northernmost city on the island of Honshu with a population of over 250,000? Aomori
10%
What is the only inhabited settlement in Jan Mayen? Olonkinbyen
10%
What is the altitude of Denver, Colorado? (in feet) 5,280 ft
6%
What is the depth of said hole? (in feet) 40,230 ft
3%
When did Poland recognize Kosovo? February 26th, 2008
3%
What is the largest lake in Tibet? Namtso Lake
3%
Now, what is the northernmost city on Honshu regardless of population? Oma
3%
Now, which family owns said island? The Robinson Family
3%
No matching quizzes found
Score Distribution
Percent of People with Each Score
Percentile by Number Answered
Your Score History
You have not taken this quiz